La polémica de los naturales antes de la controversia de Valladolid De Fray Antonio de Montesino al Padre Las Casas (1492-1542) : [abstract] /

Elmentve itt :
Bibliográfiai részletek
Szerző: Martínez García Ignacio
Testületi szerző: Un océano. Distintos destinos 1492-1522-2022
Dokumentumtípus: Könyv része
Megjelent: Departamento de Estudios Hispánicos de la Universidad de Szeged Szeged 2022
Sorozat:Un océano. Distintos destinos 1492-1522-2022
Kulcsszavak:Felfedezések - földrajzi - Amerika - előadáskivonat
Tárgyszavak:
Online Access:http://acta.bibl.u-szeged.hu/77710
LEADER 01074naa a2200217 i 4500
001 acta77710
005 20221208103919.0
008 221208s2022 hu o 1|| spa d
020 |a 978-963-306-905-9 
040 |a SZTE Egyetemi Kiadványok Repozitórium  |b hun 
041 |a spa 
100 2 |a Martínez García Ignacio 
245 1 3 |a La polémica de los naturales antes de la controversia de Valladolid   |h [elektronikus dokumentum] :  |b De Fray Antonio de Montesino al Padre Las Casas (1492-1542) : [abstract] /  |c  Martínez García Ignacio 
260 |a Departamento de Estudios Hispánicos de la Universidad de Szeged  |b Szeged  |c 2022 
300 |a 44 
490 0 |a Un océano. Distintos destinos 1492-1522-2022 
650 4 |a Bölcsészettudományok 
650 4 |a Történettudomány és régészet 
695 |a Felfedezések - földrajzi - Amerika - előadáskivonat 
711 |a Un océano. Distintos destinos 1492-1522-2022  |c Szeged  |d 2022. november 18-19. 
856 4 0 |u http://acta.bibl.u-szeged.hu/77710/1/un_oceano_distintos_destinos_libro_de_resumenes_2022_044.pdf  |z Dokumentum-elérés